00554nam a2200133Ia 4500008004100000100002300041245012700064245010000191260004900291260000900340300001000349650001300359856004800372170221s9999 xx 000 0 und d aSantos, Michael R. 2aA pedagogical Excel application of cumulative abnormal returns to Hewlett-Packard Company’s takeover of 3Com Corporation cMichael R. Santos, Sonoma State University; Antong Victorio, Victoria University of Wellington. bJournal of Management and Marketing Research c2015 a4 : 6 xBusiness uhttp://www.aabri.com/manuscripts/121251.pdf